[Event "Sportsko leto 2017"]
[Site "Paracin"]
[Date "2017.07.08"]
[Round "2.1"]
[White "Martic, Ivan"]
[Black "Damljanovic, Branko"]
[Result "0-1"]
[WhiteElo "2356"]
[BlackElo "2544"]
[PlyCount "128"]
[EventDate "2017.??.??"]

1. e4 c5 2. Nf3 e6 3. d4 cxd4 4. Nxd4 a6 5. c4 Nf6 6. Nc3 Qc7 7. a3 b6 8. Be3
Bb7 9. f3 d6 10. Be2 Be7 11. Qd2 Nbd7 12. O-O O-O 13. Rfc1 Rfc8 14. b4 Qd8 15.
Rab1 Rab8 16. Bf1 h6 17. Kh1 Qf8 18. Rc2 Ba8 19. Bg1 Ne5 20. Na4 Nfd7 21. Qc1
Bd8 22. Nb2 g5 23. Nd3 Ng6 24. Be3 Bf6 25. Nb3 Bc6 26. Qd2 Ba4 27. Rcc1 Rd8 28.
Nd4 Nde5 29. Nb2 Be8 30. Qf2 Qg7 31. Nb3 Nd7 32. Na4 b5 33. cxb5 axb5 34. Nb6
Nde5 35. Rc7 Nf4 36. Rd1 Qg6 37. g3 Nh5 38. Bg2 Nc4 39. Nxc4 bxc4 40. Rxc4 Ba4
41. Rb1 d5 42. Rcc1 Bxb3 43. Rxb3 dxe4 44. fxe4 Be5 45. b5 Nf6 46. Qe2 Rb7 47.
b6 h5 48. Rb5 Ng4 49. Bg1 Rbd7 50. b7 Rd2 51. Qe1 Bb8 52. Rc8 R2d7 53. Qa5 Qf6
54. Rxg5+ Kh7 55. Rxh5+ Kg6 56. Rh4 Ne5 57. Rf4 Qg5 58. h4 Qxg3 59. Rxd8 Qxf4
60. Rxb8 Qxh4+ 61. Bh2 Rd1+ 62. Bf1 Rxf1+ 63. Kg2 Rf2+ 64. Kg1 Qxh2# 0-1

[Event "Sportsko leto 2017"]
[Site "Paracin"]
[Date "2017.07.08"]
[Round "2.2"]
[White "Sanal, Vahap"]
[Black "Chekletsov, Ilya"]
[Result "1-0"]
[WhiteElo "2533"]
[BlackElo "2350"]
[PlyCount "105"]
[EventDate "2017.??.??"]

1. e4 c5 2. Nf3 d6 3. Bb5+ Bd7 4. Bxd7+ Qxd7 5. c4 Nf6 6. Nc3 g6 7. d4 cxd4 8.
Nxd4 Bg7 9. O-O Nc6 10. Nc2 O-O 11. b3 Qe6 12. Re1 Nd7 13. Bb2 a6 14. Rb1 Rfc8
15. a4 Rab8 16. Ne3 Nc5 17. Ned5 a5 18. Nb6 Rd8 19. Nb5 Bxb2 20. Rxb2 Nd7 21.
Nd5 b6 22. f4 f6 23. Rd2 Nc5 24. Re3 Rb7 25. h4 Qf7 26. f5 Kh8 27. Rf2 Ne5 28.
Nd4 Rg8 29. Rf4 Qg7 30. Rg3 Qf8 31. Rh3 g5 32. hxg5 fxg5 33. Rf1 Nxe4 34. Ne6
Qf7 35. g4 Nf6 36. Kg2 Nfxg4 37. Rfh1 Nf6 38. Rh6 g4 39. Qd4 Nf3 40. Nxf6 exf6
41. Rxh7+ Qxh7 42. Qxf6+ Rgg7 43. Rxh7+ Kxh7 44. Nxg7 Rxg7 45. Kg3 Ng5 46. Qd4
Nf7 47. Qxb6 Nh6 48. Qxa5 Rf7 49. Qa8 Rxf5 50. a5 Rg5 51. a6 Nf5+ 52. Kf4 Kg6
53. Qd8 1-0

[Event "Sportsko leto 2017"]
[Site "Paracin"]
[Date "2017.07.08"]
[Round "2.3"]
[White "Dimic, Pavle"]
[Black "Atalik, Suat"]
[Result "0-1"]
[WhiteElo "2351"]
[BlackElo "2525"]
[PlyCount "102"]
[EventDate "2017.??.??"]

1. d4 Nf6 2. Nf3 d5 3. c4 e6 4. Nc3 Be7 5. Bg5 h6 6. Bh4 O-O 7. e3 Nbd7 8. Rc1
c5 9. cxd5 Nxd5 10. Bxe7 Nxe7 11. Be2 b6 12. O-O Bb7 13. dxc5 Nxc5 14. Qc2 Nd5
15. Rfd1 Qe7 16. Nxd5 Bxd5 17. Nd2 Qb7 18. Bf3 Bxf3 19. Nxf3 Rac8 20. h3 Ne4
21. Qd3 Nf6 22. Ne5 Rc7 23. Rxc7 Qxc7 24. Nd7 Nxd7 25. Qxd7 Qc2 26. Qd2 Rc8 27.
Qxc2 Rxc2 28. Rd8+ Kh7 29. Rd7 a5 30. Rxf7 Rxb2 31. a4 Kg6 32. Rb7 h5 33. g3 e5
34. Kg2 e4 35. g4 hxg4 36. hxg4 Kf6 37. Kg3 Rb4 38. Kf4 g5+ 39. Kg3 Ke6 40. Rg7
Kd6 41. Rg6+ Kc7 42. Rxg5 Rxa4 43. Re5 Kd6 44. Re8 Ra1 45. Rxe4 b5 46. g5 Rg1+
47. Kf4 b4 48. Kf5 b3 49. Rd4+ Kc5 50. Rd2 a4 51. g6 a3 0-1

[Event "Sportsko leto 2017"]
[Site "Paracin"]
[Date "2017.07.08"]
[Round "2.4"]
[White "Kadric, Denis"]
[Black "Radovanovic, Mihajlo"]
[Result "1-0"]
[WhiteElo "2515"]
[BlackElo "2337"]
[PlyCount "71"]
[EventDate "2017.??.??"]

1. e4 c5 2. Nc3 d6 3. Nge2 Nf6 4. d4 cxd4 5. Nxd4 a6 6. Bc4 e6 7. Bb3 Nbd7 8.
Bg5 Nc5 9. f4 Be7 10. Qf3 Qc7 11. f5 O-O 12. O-O b5 13. a3 Nxb3 14. cxb3 Bd7
15. Rad1 Rae8 16. Qh3 Qc5 17. b4 Qc4 18. Rf4 exf5 19. Nxf5 Bxf5 20. exf5 Qb3
21. Rh4 Bd8 22. Rf1 Qxb2 23. Kh1 Qf2 24. Rf4 Qe3 25. Qxe3 Rxe3 26. Bxf6 Bxf6
27. Nd5 Rxa3 28. Nxf6+ gxf6 29. Rd1 Rd8 30. h3 d5 31. Rfd4 Rb3 32. Rc1 Re8 33.
Rc6 Re4 34. Rxd5 Rbxb4 35. Rxa6 Kg7 36. Rd3 1-0

[Event "Sportsko leto 2017"]
[Site "Paracin"]
[Date "2017.07.08"]
[Round "2.5"]
[White "Stathopoulos, Ioannis"]
[Black "Ali Marandi, Cemil Can"]
[Result "0-1"]
[WhiteElo "2343"]
[BlackElo "2515"]
[PlyCount "44"]
[EventDate "2017.??.??"]

1. d4 f5 2. c4 Nf6 3. g3 g6 4. Bg2 Bg7 5. Nc3 O-O 6. Nh3 Nc6 7. O-O d6 8. d5
Ne5 9. b3 h6 10. Nf4 g5 11. Ne6 Bxe6 12. dxe6 c6 13. f4 Neg4 14. Qe1 Ne4 15.
Bxe4 fxe4 16. Rb1 gxf4 17. Bxf4 Qa5 18. Nxe4 Qh5 19. h4 Qg6 20. Nd2 Qxe6 21. e4
Qg6 22. Kh1 e5 0-1

[Event "Sportsko leto 2017"]
[Site "Paracin"]
[Date "2017.07.08"]
[Round "2.6"]
[White "Zajic, Milan"]
[Black "Tica, Sven"]
[Result "1/2-1/2"]
[WhiteElo "2513"]
[BlackElo "2333"]
[PlyCount "93"]
[EventDate "2017.??.??"]

1. e4 g6 2. d4 Bg7 3. Nf3 d6 4. Nc3 a6 5. h3 b5 6. Bd3 Bb7 7. a4 b4 8. Ne2 Nd7
9. O-O Ngf6 10. Ng3 O-O 11. Qe1 a5 12. e5 dxe5 13. dxe5 Ne8 14. Be4 Bxe4 15.
Qxe4 Ra6 16. Rd1 Qc8 17. Qg4 Re6 18. Qh4 f6 19. exf6 exf6 20. Qc4 Nb6 21. Qc5
Qa8 22. Bf4 Rf7 23. Nd4 Bf8 24. Qb5 Nd6 25. Bxd6 Rxd6 26. Nb3 Rfd7 27. Rxd6
Rxd6 28. Re1 Rd5 29. Qe2 Re5 30. Qd1 Qd5 31. Qxd5+ Rxd5 32. Ra1 f5 33. c3 Nc4
34. Rb1 Rd3 35. Ne2 Bd6 36. g3 c5 37. Kf1 Rd2 38. Ke1 Rxb2 39. Rxb2 Nxb2 40.
Nxa5 Bc7 41. cxb4 cxb4 42. Nc6 Nxa4 43. Ned4 Nc5 44. Nxb4 Ba5 45. Ndc6 Nd3+ 46.
Ke2 Nxb4 47. Nxa5 1/2-1/2

[Event "Sportsko leto 2017"]
[Site "Paracin"]
[Date "2017.07.08"]
[Round "2.7"]
[White "Marjanovic, Annamaria"]
[Black "Nestorovic, Nikola"]
[Result "0-1"]
[WhiteElo "2331"]
[BlackElo "2509"]
[PlyCount "44"]
[EventDate "2017.??.??"]

1. c4 e5 2. g3 Nc6 3. Bg2 f5 4. Nc3 Nf6 5. e3 d5 6. Nxd5 Nxd5 7. cxd5 Nb4 8. d3
c6 9. Qb3 Nxd5 10. Nf3 Bd6 11. e4 fxe4 12. dxe4 Nf6 13. O-O Qe7 14. Qc2 Bg4 15.
Be3 O-O 16. Nd2 Be2 17. Rfe1 Ba6 18. Bh3 Qf7 19. Kg2 Bb4 20. a3 Bxd2 21. Bxd2
Rad8 22. Re3 Ng4 0-1

[Event "Sportsko leto 2017"]
[Site "Paracin"]
[Date "2017.07.08"]
[Round "2.8"]
[White "Kobo, Ori"]
[Black "Sarenac, David"]
[Result "1/2-1/2"]
[WhiteElo "2494"]
[BlackElo "2329"]
[PlyCount "118"]
[EventDate "2017.??.??"]

1. e4 c5 2. Nf3 d6 3. d4 cxd4 4. Nxd4 Nf6 5. Nc3 a6 6. h4 e5 7. Nb3 Be6 8. f4
exf4 9. Bxf4 Nc6 10. Qd2 d5 11. O-O-O Bb4 12. Bg5 Nxe4 13. Qe3 Qc8 14. Nxe4
dxe4 15. Qxe4 O-O 16. Bd3 f5 17. Qe2 Re8 18. Bc4 b5 19. Bxe6+ Qxe6 20. Qxe6+
Rxe6 21. c3 Bd6 22. Rd5 Rf8 23. Rhd1 Bg3 24. Nc5 Re2 25. Nd7 Rf7 26. R1d3 Rxg2
27. Rc5 h6 28. Rxc6 hxg5 29. Rc8+ Kh7 30. hxg5 Bf4+ 31. Kb1 Kg6 32. Nf8+ Kxg5
33. Ne6+ Kg4 34. Rd4 Rf2 35. Rg8 Kg3 36. Nxg7 Kf3 37. Ne6 Be3 38. Rd5 Ke2 39.
Re8 f4 40. Nd4+ Kf1 41. Nf5 Re2 42. Rd1+ Kf2 43. Nd6 Rg7 44. c4 bxc4 45. Nxc4
Rg1 46. Rxg1 Kxg1 47. a4 Kf2 48. Ne5 Re1+ 49. Kc2 Ke2 50. Nd3 Rf1 51. b4 f3 52.
Nf4+ Kf2 53. Nd3+ Ke2 54. b5 axb5 55. axb5 Rh1 56. Nf4+ Kf2 57. Nd3+ Ke2 58.
Nf4+ Kf2 59. Nd3+ Ke2 1/2-1/2

[Event "Sportsko leto 2017"]
[Site "Paracin"]
[Date "2017.07.08"]
[Round "2.9"]
[White "Kosic, Dragan"]
[Black "Maksimovic, Bojan"]
[Result "1-0"]
[WhiteElo "2487"]
[BlackElo "2312"]
[PlyCount "71"]
[EventDate "2017.??.??"]

1. d4 Nf6 2. Nf3 g6 3. Bg5 Bg7 4. Nbd2 d5 5. e3 O-O 6. Be2 b6 7. O-O c5 8. c3
Nbd7 9. a4 Bb7 10. a5 a6 11. axb6 Qxb6 12. Qb3 cxd4 13. Qxb6 Nxb6 14. exd4 Ne4
15. Nxe4 dxe4 16. Nd2 e5 17. dxe5 Bxe5 18. Nb3 Bd5 19. Na5 Rfc8 20. Rfd1 Be6
21. Be3 Nc4 22. Nxc4 Bxc4 23. Bxc4 Rxc4 24. Rd5 Bg7 25. g4 Rc6 26. Ra4 Re6 27.
Rb4 Re7 28. Rb6 a5 29. Rxa5 Rc8 30. Rd5 h6 31. h4 Rce8 32. c4 Ra8 33. c5 Ra4
34. c6 Be5 35. Rxe5 Rxe5 36. Rb8+ 1-0

[Event "Sportsko leto 2017"]
[Site "Paracin"]
[Date "2017.07.08"]
[Round "2.10"]
[White "Franklin, Samuel G A"]
[Black "Fernandez, Daniel Howard"]
[Result "1/2-1/2"]
[WhiteElo "2312"]
[BlackElo "2485"]
[PlyCount "124"]
[EventDate "2017.??.??"]

1. e4 e6 2. d4 d5 3. Nc3 Bb4 4. e5 c5 5. a3 Bxc3+ 6. bxc3 Qa5 7. Bd2 Qa4 8. Qg4
Kf8 9. Qd1 Ne7 10. Qb1 a6 11. Qb6 Qc6 12. Qd8+ Qe8 13. Qd6 cxd4 14. cxd4 Nbc6
15. Nf3 Qd8 16. Qxd8+ Nxd8 17. a4 Bd7 18. Bd3 f6 19. exf6 gxf6 20. O-O Be8 21.
Bh6+ Kg8 22. Nh4 Ng6 23. Nf3 Ne7 24. Nh4 Ng6 25. Nf3 Nf7 26. Bd2 Nd6 27. Rfe1
Kf7 28. Bb4 Rd8 29. g3 Rg8 30. Nd2 h5 31. Nb3 Bc6 32. Na5 Ne7 33. Nxc6 Nxc6 34.
Bc5 Rd7 35. Rab1 Nc4 36. Be2 Rh8 37. Bxc4 dxc4 38. h4 f5 39. Kg2 Rg8 40. Re3
Kf6 41. Rc3 Rg4 42. Rxc4 Nxd4 43. Bxd4+ Rgxd4 44. Rxd4 Rxd4 45. Rxb7 Rxa4 46.
Rh7 Rc4 47. Rxh5 Rxc2 48. Rh8 Ra2 49. Ra8 e5 50. Kf3 Ra3+ 51. Ke2 Ra2+ 52. Kf3
Kg6 53. Rg8+ Kf7 54. Ra8 Ra3+ 55. Ke2 f4 56. gxf4 exf4 57. h5 Kg7 58. Ra7+ Kh6
59. Rf7 Kg5 60. h6 Rh3 61. h7 a5 62. Ra7 Kg6 1/2-1/2

[Event "Sportsko leto 2017"]
[Site "Paracin"]
[Date "2017.07.08"]
[Round "2.11"]
[White "Blagojevic, Dragisa"]
[Black "Rajkovic, Mladen"]
[Result "1-0"]
[WhiteElo "2483"]
[BlackElo "2305"]
[PlyCount "85"]
[EventDate "2017.??.??"]

1. d4 Nf6 2. c4 g6 3. Nf3 Bg7 4. g3 d5 5. cxd5 Nxd5 6. Bg2 Nb6 7. Nc3 Nc6 8. e3
O-O 9. O-O Re8 10. Nh4 e5 11. d5 Na5 12. Rb1 Nac4 13. e4 Nd6 14. Nf3 c6 15.
dxc6 bxc6 16. b3 f5 17. Ba3 Nf7 18. Qxd8 Rxd8 19. Rfd1 Ba6 20. Ne1 f4 21. Bf1
Bxf1 22. Kxf1 Bf8 23. Bb2 g5 24. Ke2 a5 25. Rxd8 Rxd8 26. Rc1 a4 27. Nb1 axb3
28. axb3 Rd6 29. Nd2 Nd7 30. Nd3 Rh6 31. Rg1 Rg6 32. Nc4 Bg7 33. Ra1 Re6 34.
Ra7 Nf8 35. Ra8 g4 36. gxf4 exf4 37. e5 f3+ 38. Ke3 Bh6+ 39. Ke4 Bg5 40. Kf5
Rg6 41. Ba3 Bh6 42. e6 Rxe6 43. Bxf8 1-0

[Event "Sportsko leto 2017"]
[Site "Paracin"]
[Date "2017.07.08"]
[Round "2.12"]
[White "Harvey, Marcus R"]
[Black "Tan, Justin"]
[Result "1-0"]
[WhiteElo "2292"]
[BlackElo "2462"]
[PlyCount "99"]
[EventDate "2017.??.??"]

1. Nf3 d5 2. b3 c6 3. Bb2 Bg4 4. e3 Nd7 5. h3 Bh5 6. Be2 e6 7. O-O Ngf6 8. c4
Bd6 9. Nc3 O-O 10. d4 Qe7 11. a3 a6 12. Nd2 Bg6 13. c5 Bc7 14. f4 Ne8 15. b4 f6
16. e4 dxe4 17. Ndxe4 f5 18. Nd2 Nef6 19. Nc4 Rad8 20. g3 Bf7 21. Qc2 Nd5 22.
Nxd5 exd5 23. Ne5 Be6 24. Bd3 Nf6 25. Bxf5 Ne4 26. Bxe6+ Qxe6 27. Kh2 Bxe5 28.
dxe5 g5 29. Qg2 Rf5 30. Rf3 h5 31. g4 Rxf4 32. Rxf4 gxf4 33. gxh5+ Kh7 34. Rg1
Ng3 35. Qf3 Rf8 36. Qg4 Rf5 37. h6 Qxh6 38. e6 Qg5 39. Qxg5 Rxg5 40. Bc1 Rg6
41. Bxf4 Nf5 42. Re1 Rg8 43. e7 Re8 44. Bg5 Kg6 45. h4 Kf7 46. Kh3 Nxe7 47. Kg4
d4 48. Rxe7+ Rxe7 49. Bxe7 Kxe7 50. Kf4 1-0

[Event "Sportsko leto 2017"]
[Site "Paracin"]
[Date "2017.07.08"]
[Round "2.13"]
[White "Lajthajm, Borko"]
[Black "Injac, Teodora"]
[Result "1-0"]
[WhiteElo "2434"]
[BlackElo "2290"]
[PlyCount "103"]
[EventDate "2017.??.??"]

1. d4 Nf6 2. Nf3 g6 3. c4 Bg7 4. Nc3 d6 5. e4 O-O 6. h3 e5 7. d5 Nbd7 8. Bg5 h6
9. Be3 Nc5 10. Nd2 a5 11. a3 Nfd7 12. h4 a4 13. h5 g5 14. Be2 c6 15. O-O Qa5
16. Bg4 Nf6 17. Bxc8 Rfxc8 18. Bxc5 Qxc5 19. Nxa4 Qd4 20. Nc3 cxd5 21. cxd5 g4
22. Rb1 Kh8 23. Kh2 Rg8 24. Ne2 Qb6 25. Ng3 Bf8 26. Nc4 Qd8 27. Rh1 b5 28. Ne3
Rg5 29. Kg1 Qb6 30. Rc1 Qd4 31. Qc2 Ra4 32. Nef5 Qa7 33. Qc8 Rg8 34. Rc7 Qa5
35. b4 Qa8 36. Qxa8 Rxa8 37. Rxf7 Nh7 38. Rb7 Rxa3 39. Rxb5 Ra2 40. Rb7 Ng5 41.
Ne3 Rb2 42. Rh4 Bg7 43. Rxg4 Ra8 44. Ngf5 Bf6 45. Nxh6 Ra1+ 46. Kh2 Rxf2 47.
Nf7+ Nxf7 48. Rxf7 Rf4 49. Rxf4 exf4 50. Ng4 Bg5 51. Nf6 Bxf6 52. Rxf6 1-0

[Event "Sportsko leto 2017"]
[Site "Paracin"]
[Date "2017.07.08"]
[Round "2.14"]
[White "Gajcin, Marina"]
[Black "Zanan, Evgeny"]
[Result "0-1"]
[WhiteElo "2282"]
[BlackElo "2428"]
[PlyCount "136"]
[EventDate "2017.??.??"]

1. e4 e6 2. d4 d5 3. e5 c5 4. c3 Nc6 5. Nf3 Nh6 6. a3 f6 7. Bd3 fxe5 8. Nxe5
Nxe5 9. dxe5 Nf7 10. Qe2 Qc7 11. Bf4 Bd7 12. O-O c4 13. Bc2 O-O-O 14. Nd2 g5
15. Bg3 Bg7 16. Rfe1 h5 17. h3 Rdf8 18. b3 cxb3 19. Nxb3 Kb8 20. Rab1 Ka8 21.
Bg6 h4 22. Bh2 Rh6 23. Bd3 Rc8 24. Rbc1 Bf8 25. Qa2 g4 26. hxg4 h3 27. c4 d4
28. Nxd4 hxg2 29. Nf3 Bc5 30. Bf4 Rhh8 31. Kxg2 Nh6 32. Bxh6 Rxh6 33. Be4 Rg8
34. g5 Be7 35. Rg1 Bc6 36. Qe2 Bxg5 37. Kf1 Rhg6 38. Rb1 R6g7 39. Qd3 Be7 40.
Rxg7 Rxg7 41. Ke2 Bxe4 42. Qxe4 Bxa3 43. Rh1 Rg8 44. Rh7 Qb6 45. Nd4 Qb2+ 46.
Nc2 Bc5 47. Rd7 a6 48. Rd2 Qc3 49. Ne3 Bxe3 50. Rd3 Qc1 51. Rxe3 Rc8 52. Rb3
Qxc4+ 53. Qxc4 Rxc4 54. Kd3 b5 55. Rb1 Kb7 56. Rh1 a5 57. Rh7+ Rc7 58. Rh6 b4
59. f4 b3 60. Rh2 a4 61. Rb2 Kb6 62. Ke4 Kb5 63. f5 exf5+ 64. Kxf5 Kb4 65. Rh2
a3 66. Rh4+ Ka5 67. Rh8 b2 68. Ra8+ Kb6 0-1

[Event "Sportsko leto 2017"]
[Site "Paracin"]
[Date "2017.07.08"]
[Round "2.15"]
[White "Lazov, Toni"]
[Black "Cabarkapa, Novak"]
[Result "1/2-1/2"]
[WhiteElo "2279"]
[BlackElo "2426"]
[PlyCount "136"]
[EventDate "2017.??.??"]

1. e4 e6 2. d4 d5 3. Nd2 c5 4. Ngf3 cxd4 5. exd5 Qxd5 6. Bc4 Qd7 7. O-O Nc6 8.
Nb3 a6 9. Nbxd4 Nxd4 10. Nxd4 Qc7 11. Qe2 Bd6 12. h3 Ne7 13. a4 b6 14. Bd3 Bb7
15. Re1 O-O 16. Bd2 Ng6 17. Be4 Bh2+ 18. Kh1 Bxe4 19. Qxe4 Be5 20. Bc3 f5 21.
Qe2 Rfe8 22. Rad1 Qb7 23. Qf3 Qxf3 24. Nxf3 Bxc3 25. bxc3 Rac8 26. Rd6 Rxc3 27.
Rexe6 Rxe6 28. Rxe6 Rxc2 29. Rxb6 Rxf2 30. Ng5 Nf8 31. Rxa6 h6 32. Nf3 Kh7 33.
a5 Ng6 34. Ra8 Nf4 35. a6 Ra2 36. Nd4 Ne2 37. Nxf5 Nc3 38. Rc8 Nd5 39. Rd8 Nb4
40. Rd7 Rxa6 41. Rxg7+ Kh8 42. Rb7 Nd5 43. Kh2 Rf6 44. Ng3 Rf2 45. Nh5 Ne3 46.
Kg3 Rxg2+ 47. Kf3 Rg5 48. Rb8+ Kh7 49. Nf6+ Kg6 50. Ne4 Rh5 51. Rb6+ Kf7 52.
Kxe3 Rxh3+ 53. Kf4 Rh5 54. Rb7+ Ke6 55. Rb6+ Ke7 56. Ng3 Ra5 57. Nf5+ Kd7 58.
Ke4 h5 59. Rh6 Ra4+ 60. Nd4 Ra5 61. Nf3 Ra1 62. Ne5+ Kc7 63. Kd5 Rd1+ 64. Kc5
Rc1+ 65. Nc4 Kd7 66. Kd5 Rd1+ 67. Ke4 Re1+ 68. Ne3 h4 1/2-1/2

[Event "International Tournament "]
[Site "Paracin, Hotel "]
[Date "2017.07.08"]
[Round "2.16"]
[White "Mesaros, Florian"]
[Black "Emiroglu, Cankut"]
[Result "1-0"]
[WhiteElo "2415"]
[BlackElo "2277"]
[PlyCount "73"]
[EventDate "2017.07.07"]

1. Nf3 Nf6 2. c4 e6 3. Nc3 Bb4 4. g3 Bxc3 5. bxc3 d6 6. Bg2 Nc6 7. O-O e5 8. d3
O-O 9. e4 a6 10. a4 Na5 11. h3 Bd7 12. Bg5 h6 13. Be3 c5 14. Nh4 Ne8 15. Nf5
Bxf5 16. exf5 Nf6 17. Rb1 Qd7 18. g4 Rfe8 19. h4 h5 20. g5 Ng4 21. Bc1 e4 22.
Bxe4 Rxe4 23. dxe4 Re8 24. f3 Ne5 25. Bf4 Nexc4 26. Rf2 Rd8 27. Qd5 Qxa4 28. g6
Qe8 29. Rg2 Kf8 30. Ra1 Rd7 31. f6 fxg6 32. Rxa5 Nxa5 33. Bxd6+ Rxd6 34. Qxd6+
Kg8 35. Qc7 gxf6 36. Qxa5 Qd7 37. Qxc5 1-0

[Event "International Tournament "]
[Site "Paracin, Hotel "]
[Date "2017.07.08"]
[Round "2.17"]
[White "Zegarac, Vuk"]
[Black "Vucinic, Gojko"]
[Result "1-0"]
[WhiteElo "2276"]
[BlackElo "2415"]
[Annotator "Natasa"]
[PlyCount "62"]
[EventDate "2017.07.07"]

1. d4 g6 2. Nc3 Bg7 3. Bg5 c5 4. d5 b5 5. Ne4 d6 6. c3 h6 7. Bc1 Bb7 8. Ng3 Nf6
9. e4 c4 10. Nf3 Nbd7 11. Nd4 a6 12. Be2 Nc5 13. f3 O-O 14. O-O Nfd7 15. Be3 e5
16. dxe6 fxe6 17. Qd2 Kh7 18. Nc2 Ne5 19. Rad1 Nf7 20. Bd4 Qc7 21. Bxg7 Kxg7
22. Qf4 e5 23. Qd2 Ne6 24. Rfe1 Nf4 25. Bf1 Rad8 26. Ne3 Ng5 27. h4 Nge6 28.
Nh1 Nc5 29. Nf2 h5 30. g3 Nfd3 31. Bg2 Rf6 {unreadable} 1-0

[Event "International Tournament "]
[Site "Paracin, Hotel "]
[Date "2017.07.08"]
[Round "2.18"]
[White "Ostojic, Nikola"]
[Black "Strugnell, Carl"]
[Result "1-0"]
[WhiteElo "2412"]
[BlackElo "2271"]
[PlyCount "90"]
[EventDate "2017.07.07"]

1. e4 e5 2. Nf3 Nc6 3. d4 exd4 4. Bc4 Bc5 5. c3 Nf6 6. e5 d5 7. Be2 Ne4 8. cxd4
Bb6 9. Nc3 O-O 10. O-O Nxc3 11. bxc3 f6 12. exf6 Qxf6 13. Be3 Bg4 14. h3 Bh5
15. Bg5 Qe6 16. Re1 Rae8 17. Bh4 Na5 18. Qd2 Qc8 19. Ne5 Bxe2 20. Rxe2 Re6 21.
Rae1 Rfe8 22. f4 Nc4 23. Nxc4 dxc4 24. g4 Qd7 25. f5 Rxe2 26. Rxe2 c5 27. d5 h5
28. Rxe8+ Qxe8 29. d6 hxg4 30. d7 Qe4 31. d8=Q+ Bxd8 32. Qxd8+ Kh7 33. Bf2 Qb1+
34. Kh2 gxh3 35. Kg3 Qxf5 36. Qh4+ Kg8 37. Qxc4+ Kh7 38. Qxc5 Qd3+ 39. Be3 b6
40. Qd4 Qg6+ 41. Kh2 Qc2+ 42. Qd2 Qe4 43. Bd4 Qf5 44. Qe3 Qc2+ 45. Qf2 Qe4 1-0

[Event "International Tournament "]
[Site "Paracin, Hotel "]
[Date "2017.07.08"]
[Round "2.19"]
[White "Trifunovic, Miroljub"]
[Black "Mcphillips, Joseph"]
[Result "0-1"]
[WhiteElo "2269"]
[BlackElo "2400"]
[PlyCount "85"]
[EventDate "2017.07.07"]

1. d4 Nf6 2. c4 e6 3. Nf3 d5 4. Nc3 c6 5. Qb3 dxc4 6. Qxc4 b5 7. Qb3 Be7 8. g3
Nbd7 9. Bg2 a6 10. O-O Bb7 11. Rd1 Qc8 12. Bf4 c5 13. Rac1 c4 14. Qc2 Nb6 15.
a3 Nbd5 16. Nxd5 Bxd5 17. Ne1 Qb7 18. Bg5 Rd8 19. Bxf6 Bxf6 20. e4 Bc6 21. d5
exd5 22. exd5 Bd7 23. b3 c3 24. Qe2+ Kf8 25. Nd3 Re8 26. Qc2 Qb6 27. b4 Bf5 28.
Re1 Rxe1+ 29. Rxe1 Qd4 30. Qe2 g6 31. Be4 Bxe4 32. Qxe4 Qxe4 33. Rxe4 Kg7 34.
Re2 Rd8 35. Nf4 Kf8 36. Rc2 Ke7 37. Kf1 Kd6 38. Ke1 g5 39. Nd3 Kxd5 40. Ke2 Kc4
41. Nc1 g4 42. f4 gxf3+ 43. Kxf3 0-1

[Event "International Tournament "]
[Site "Paracin, Hotel "]
[Date "2017.07.08"]
[Round "2.20"]
[White "Radovanovic, Nikola"]
[Black "Cvetanovic, Uros"]
[Result "0-1"]
[WhiteElo "2399"]
[BlackElo "2266"]
[PlyCount "74"]
[EventDate "2017.07.07"]

1. d4 Nf6 2. c4 e6 3. Nc3 Bb4 4. g3 O-O 5. Bg2 d6 6. Nf3 Qe7 7. Qc2 e5 8. O-O
Bxc3 9. Qxc3 e4 10. Ne1 h6 11. d5 c6 12. dxc6 Nxc6 13. Nc2 d5 14. c5 Rd8 15.
Rd1 Bg4 16. f3 d4 17. Nxd4 Nxd4 18. Rxd4 Rxd4 19. Qxd4 Rd8 20. Qe3 Rd1+ 21. Kf2
Nd5 22. Qxe4 Qxc5+ 23. Be3 Nxe3 24. Rxd1 Nxd1+ 25. Ke1 Qg1+ 26. Kd2 Be6 27.
Qxb7 Qd4+ 28. Ke1 Nxb2 29. f4 Nc4 30. Qa8+ Kh7 31. Qe4+ Qxe4 32. Bxe4+ f5 33.
Bc2 Kg6 34. e4 fxe4 35. Bxe4+ Kf6 36. Kd1 Nd6 37. Bb1 Bf5 0-1

[Event "International Tournament "]
[Site "Paracin, Hotel "]
[Date "2017.07.08"]
[Round "2.21"]
[White "Radovic, Luka"]
[Black "Brankovic, Dejan"]
[Result "*"]
[WhiteElo "2264"]
[BlackElo "2377"]
[PlyCount "87"]
[EventDate "2017.07.07"]

1. Nf3 Nf6 2. c4 g6 3. g3 Bg7 4. Bg2 O-O 5. O-O d6 6. d4 Nc6 7. Nc3 a6 8. b3
Rb8 9. d5 Na5 10. Nd4 Bd7 11. Bb2 c5 12. dxc6 bxc6 13. Rb1 c5 14. Nc2 Bc6 15.
e4 e6 16. Qd3 Qc7 17. Rfd1 Rfd8 18. Ne3 Ba8 19. Ne2 Nc6 20. Nc2 Qa5 21. Bc3 Qc7
22. f4 e5 23. Ne3 Nd4 24. Nd5 Qd7 25. b4 Bxd5 26. cxd5 Nxe2+ 27. Qxe2 exf4 28.
gxf4 cxb4 29. Bxb4 Nh5 30. Bd2 Qa4 31. Be3 Rxb1 32. Rxb1 Bd4 33. Bxd4 Qxd4+ 34.
Qf2 Qxf2+ 35. Kxf2 Nxf4 36. Bf1 Rc8 37. Rb6 Rc2+ 38. Kf3 g5 39. h4 Ng6 40. hxg5
Ne5+ 41. Ke3 Rxa2 42. Rxd6 a5 43. Ra6 Ra3+ 44. Kd4 *

[Event "International Tournament "]
[Site "Paracin, Hotel "]
[Date "2017.07.08"]
[Round "2.22"]
[White "Djordjevic, Vuk"]
[Black "Dogan, Mire Deniz"]
[Result "1-0"]
[WhiteElo "2377"]
[BlackElo "2075"]
[PlyCount "54"]
[EventDate "2017.07.07"]

1. d4 d5 2. Nf3 Nf6 3. c4 e6 4. Bg5 Be7 5. Nc3 h6 6. Bxf6 Bxf6 7. e3 c6 8. Qc2
Nd7 9. h4 Qa5 10. Nd2 a6 11. f4 b5 12. c5 Qd8 13. Nf3 a5 14. a4 b4 15. Nd1 Be7
16. h5 f5 17. Nf2 Nf6 18. Ne5 Bd7 19. Ng6 Rg8 20. g3 Ng4 21. Nxg4 fxg4 22. Ne5
Kf8 23. Qg6 Qe8 24. Qxg4 Bf6 25. Bd3 Bxe5 26. fxe5 g5 27. hxg6 Kg7 1-0

[Event "International Tournament "]
[Site "Paracin, Hotel "]
[Date "2017.07.08"]
[Round "2.23"]
[White "Atakisi, Umut"]
[Black "Chekletsov, Egor"]
[Result "1-0"]
[WhiteElo "2373"]
[BlackElo "1999"]
[PlyCount "99"]
[EventDate "2017.07.07"]

1. Nf3 Nf6 2. c4 e6 3. g3 b6 4. Bg2 Bb7 5. O-O Be7 6. Nc3 O-O 7. Re1 Bb4 8. Qb3
Bxc3 9. Qxc3 d6 10. d4 Be4 11. Bh3 Bb7 12. Bg2 Be4 13. b3 Nbd7 14. Bb2 Qe7 15.
Bh3 Bb7 16. Nd2 Ne4 17. Nxe4 Bxe4 18. Qe3 Bb7 19. d5 e5 20. f4 Rae8 21. Bxd7
Qxd7 22. fxe5 c5 23. Qf4 dxe5 24. Bxe5 f6 25. Bb2 f5 26. a4 Re4 27. Qf3 Qe7 28.
e3 f4 29. gxf4 Rfxf4 30. exf4 Rxe1+ 31. Rxe1 Qxe1+ 32. Kg2 Qd2+ 33. Qf2 Qd3 34.
Qe1 Kf8 35. Qe5 Qc2+ 36. Kg3 Qg6+ 37. Qg5 Kf7 38. Qxg6+ Kxg6 39. Be5 a6 40. Bd6
Bc8 41. a5 bxa5 42. Bxc5 Bf5 43. Ba3 Kf7 44. Kf3 Bc2 45. Ke3 Bxb3 46. Kd4 g6
47. c5 Ke7 48. c6+ Kd8 49. d6 Be6 50. Kc5 1-0

[Event "International Tournament "]
[Site "Paracin, Hotel "]
[Date "2017.07.08"]
[Round "2.24"]
[White "Yordanov, Lachezar"]
[Black "Nestorovic, Lazar"]
[Result "0-1"]
[WhiteElo "2246"]
[BlackElo "2371"]
[PlyCount "82"]
[EventDate "2017.07.07"]

1. d4 Nf6 2. c4 e6 3. Nf3 b6 4. g3 Bb7 5. Bg2 Be7 6. O-O O-O 7. d5 exd5 8. Nh4
Re8 9. cxd5 c6 10. Nf5 Bf8 11. Nc3 Na6 12. e4 cxd5 13. exd5 Re5 14. Ne3 Rc8 15.
Qd4 Qe8 16. Nc4 Rf5 17. Ne3 Bc5 18. Qd3 Re5 19. a3 Nc7 20. Rd1 Ba6 21. Qd2 Bxe3
22. fxe3 Nb5 23. Nxb5 Bxb5 24. b3 h5 25. Re1 Ne4 26. Qb4 Rc5 27. Bb2 a5 28. Qd4
Rcxd5 29. Qxb6 Rg5 30. Rad1 Rxd1 31. Rxd1 Bc6 32. Rd4 Nxg3 33. e4 Ne2+ 34. Kf2
Nxd4 35. Qxd4 Qb8 36. Qe3 Rg6 37. Kg1 h4 38. Kh1 Qd6 39. Qe2 h3 40. Bf3 Qc5 41.
Qd1 Qe3 0-1